000 00495nam a2200133 4500
999 _c13273
_d13273
008 190221b ||||| |||| 00| 0 eng d
082 _aDPer 050 T48 Apr-June 2016 v. 187, n. 12-24.
100 _937086
_aKumar, Nikhil.
245 _aMan-made disaster:
_bA year after devastating quakes, politics has kept Nepal in ruins/
_cJames Nachtwey
260 _aHong Kong:
_bTime Asia,
_cc2016.
300 _av187 n15, pages 22-29:
_billustrations;
_c27 cm.
650 _aDisasters.
_937087
942 _2ddc
_cPER